| 000 | 00699cam a2200205 i 4500 | ||
|---|---|---|---|
| 001 | BD-DhSAU 5021 | ||
| 003 | BD-DhSAU | ||
| 005 | 20150410103926.0 | ||
| 008 | 761011s1963 enka r 001 0 eng d | ||
| 040 | _aBD-DhSAU | ||
| 082 |
_a551.48 _222 _bPEV |
||
| 100 | 1 |
_aPenman, H. L. _q(Howard Latimer), _d-1984. |
|
| 245 | 1 | 0 |
_aVegetation and hydrology / _cby H. L. Penman. |
| 260 |
_aFarnham Royal, Bucks., Eng. : _bCommonwealth Agricultural Bureaux, _cc1963. |
||
| 300 |
_a124 p. : _bill. ; _c22 cm. |
||
| 440 |
_aCommonwealth Bureau of Soil Science. Technical communication _nno. 53 |
||
| 504 | _aIncludes bibliographical references and index. | ||
| 590 | _ajoy | ||
| 650 | 0 | _aPlant-water relationships. | |
| 942 |
_2ddc _cBOOK |
||
| 999 |
_c5021 _d5021 |
||